000
00300nam a22001337a 4500
008
170629b xxu||||| |||| 00| 0 eng d
020
_a
9780393924688
041
_a
eng
080
_2
2ND
_a
82
100
_a
22
101
_a
GJL
245
_a
AFRICAN AMERICAN LITERATURE
_c
MOODY,J,K
942
_2
udc
_c
BK
999
_c
19624
_d
19624